000 01007nam a2200229 a 4500
001 000033354
005 20240307073948.0
008 110825s1950 dr r 000 0 spa d
040 _aDO-SdBNP
_bspa
_cBNPHU
082 _a015.72
_bC357L
245 0 0 _aCatálogo de libros mexicanos presentados en la exposición del libro méxicano organizado por la biblioteca de la universidad para conmemorar el 140 aniversario de la Revolución Méxicana.
246 1 4 _aExposición del libro méxicano
260 _aCiudad Trujillo, República Dominicana :
_bMontalvo,
_c1950.
300 _a84 p. ;
_c25 cm.
490 1 _aPublicaciones de la Universidad de Santo Domingo
_aBibliografía;
_v74
590 _aInventariado, 2018/BT
650 4 _aLibros
_xExposiciones
_934754
651 4 _aMéxico
_xBibliografías
_958940
710 1 2 _aUniversidad Autónoma de Santo Domingo
_972951
830 0 _aPublicaciones de la Universidad de Santo Domingo ;
_pBibliografía;
_v74
_958941
910 _aValidado. Control de calidad MFF
999 _c32845
_d32845